<?xml version="1.0" encoding="UTF-8"?>
<record
    xmlns:xsi="http://www.w3.org/2001/XMLSchema-instance"
    xsi:schemaLocation="http://www.loc.gov/MARC21/slim http://www.loc.gov/standards/marcxml/schema/MARC21slim.xsd"
    xmlns="http://www.loc.gov/MARC21/slim">

  <leader>00831nam a2200181 u 4500</leader>
  <controlfield tag="001">000023208</controlfield>
  <controlfield tag="005">20200930022047.0</controlfield>
  <controlfield tag="008">101130s1974    wau     r     000 0 spa d</controlfield>
  <datafield tag="040" ind1=" " ind2=" ">
    <subfield code="a">DO-SdBNP</subfield>
    <subfield code="b">spa</subfield>
    <subfield code="c">BNPHU</subfield>
  </datafield>
  <datafield tag="082" ind1=" " ind2=" ">
    <subfield code="a">XXX</subfield>
    <subfield code="b">S446e</subfield>
  </datafield>
  <datafield tag="110" ind1="1" ind2=" ">
    <subfield code="a">Secretar&#xED;a General</subfield>
    <subfield code="b">Organizaci&#xF3;n de los Estados Americanos</subfield>
    <subfield code="c">Washington, D.C. 20006</subfield>
    <subfield code="f">Marzo 1974.</subfield>
    <subfield code="9">47779</subfield>
  </datafield>
  <datafield tag="245" ind1="1" ind2="0">
    <subfield code="a">Estudio sobre la legislaci&#xF3;n tur&#xED;stica de Panam&#xE1; /</subfield>
    <subfield code="c">Organizaci&#xF3;n de los Estados Americanos.</subfield>
  </datafield>
  <datafield tag="260" ind1=" " ind2=" ">
    <subfield code="a">Washington, D.C. :</subfield>
    <subfield code="b">Divisi&#xF3;n de Fomento Tur&#xED;stico ;</subfield>
    <subfield code="b">Departamento de Desarrollo Social y Institucional ;</subfield>
    <subfield code="b">Secretar&#xED;a Ejecutiva para Asuntos Econ&#xF3;micos y Sociales ;</subfield>
    <subfield code="b">Organizaci&#xF3;n de los Estados Americanos,</subfield>
    <subfield code="c">1974.</subfield>
  </datafield>
  <datafield tag="300" ind1=" " ind2=" ">
    <subfield code="a">81 p. ;</subfield>
    <subfield code="c">28 cm.</subfield>
  </datafield>
  <datafield tag="490" ind1="1" ind2=" ">
    <subfield code="a">Informes y estudios</subfield>
    <subfield code="v">10</subfield>
  </datafield>
  <datafield tag="830" ind1=" " ind2="0">
    <subfield code="a">Informes y estudios ;</subfield>
    <subfield code="v">10</subfield>
    <subfield code="9">47780</subfield>
  </datafield>
  <datafield tag="049" ind1=" " ind2=" ">
    <subfield code="a">BNGR</subfield>
  </datafield>
  <datafield tag="952" ind1=" " ind2=" ">
    <subfield code="0">0</subfield>
    <subfield code="1">0</subfield>
    <subfield code="5">2</subfield>
    <subfield code="7">0</subfield>
    <subfield code="8">MO</subfield>
    <subfield code="a">GR</subfield>
    <subfield code="b">GR</subfield>
    <subfield code="c">CT</subfield>
    <subfield code="d">2010-11-30</subfield>
    <subfield code="i">LF1</subfield>
    <subfield code="l">0</subfield>
    <subfield code="o">XXX S446e</subfield>
    <subfield code="p">23208-10</subfield>
    <subfield code="r">2020-06-25</subfield>
    <subfield code="w">2020-06-25</subfield>
    <subfield code="y">2</subfield>
    <subfield code="Z">Pr&#xE9;stamo interno</subfield>
  </datafield>
  <datafield tag="999" ind1=" " ind2=" ">
    <subfield code="c">22705</subfield>
    <subfield code="d">22705</subfield>
  </datafield>
</record>
